The governments of Europe.

Bibliographic Details
Main Author: Munro, William Bennett, 1875-1957
Other Authors: Ayearst, Morley
Format: Book
Language:English
Published: New York : Macmillan, [1954]
Edition:4th ed.
Subjects:

MARC

Tag First Indicator Second Indicator Subfields
LEADER 00000cam a2200000 4500
001 in00000065118
005 20151008051223.0
008 750205s1954 nyu 00000 eng u
010 |a  54014614  
035 |a (OCoLC)01161658 
035 |9 AAG6537AM 
040 |c YOM  |d TXA  |d UtOrBLW 
049 |a TXAM  |c [276416] 
050 0 0 |a JF51  |b .M8 1954 
082 0 |a 342.403  |a 320.94* 
092 |a 342.4  |b M968g4 
100 1 |a Munro, William Bennett,  |d 1875-1957. 
245 1 4 |a The governments of Europe. 
250 |a 4th ed.  |b [by] William Bennett Munro and Morley Ayearst. 
264 1 |a New York :  |b Macmillan,  |c [1954] 
300 |a 796 pages :  |b illustrations ;  |c 24 cm. 
336 |a text  |b txt  |2 rdacontent 
337 |a unmediated  |b n  |2 rdamedia 
338 |a volume  |b nc  |2 rdacarrier 
651 0 |a Europe  |x Politics and government. 
651 0 |a Japan  |x Politics and government  |y 1912-1945. 
700 1 |a Ayearst, Morley. 
999 |a MARS 
999 f f |s dcc74fca-8a22-3ad5-b89b-32d00d072cda  |i 994d2aa4-16b6-3534-8613-9e422097b4f2  |t 0 
952 f f |p ric  |a Texas A&M University  |b Rellis Campus  |c Joint Library Facility  |d Remote Storage  |t 0  |e JF51 .M8 1954  |h Library of Congress classification  |i unmediated -- volume  |m A14800786239 
998 f f |a JF51 .M8 1954  |t 0  |l Remote Storage